00461nam a2200109Ia 4500008004100000050002500041100002900066245012600095260008600221300002900307521001500336140724s9999 xx 000 0 und d aNC 998.4b.D227 2009 aDarvin, Mary Kimberly C. aUnmasked :ba video documentary about the emergence and accpetance of cosplay in Metro Manila /cMary Kimberly C. Darvin. aLas Piñas, Philippines :bSouthville International School and Colleges,cc2009. a101 p. :bill. ;c28 cm. aMedia Arts